| 000 | 00679nam a2200193Ia 4500 | ||
|---|---|---|---|
| 003 | GCL | ||
| 008 | 140319s9999 xx 000 0 ara d | ||
| 040 |
_aGCL / _cGCL |
||
| 082 | 0 | 4 |
_a842 _bس ا |
| 100 | 1 | _aجورج طرابيشى | |
| 245 | 1 | 0 |
_aاسرى التونا: مسرحية من خمسة فصول / _cجورج طرابيشى |
| 700 | 1 | _aسارتر ، جان بول | |
| 260 |
_a[S.N] : _bمنشورات الكتاب والتوزيع والاعلان ، _c1962 |
||
| 300 | _a247 ص | ||
| 490 |
_aمسرحيات عالمية _v0 |
||
| 650 | 0 | 4 | _aالمسرحيات الفرنسية |
| 650 | 0 | 4 | _aالمسرحيات الفرنسية المترجمة |
| 942 |
_2ddc _cBK |
||
| 999 |
_c39863 _d39863 |
||